[Event "37. Open Barberá del Vallés 2014"]
[Site "Barberá del Vallés ESP"]
[Date "2014.07.09"]
[Round "6.12"]
[White "Cruz, Filemon"]
[Black "Radovanovic, Jovica"]
[Result "0-1"]
[WhiteElo "2412"]
[BlackElo "2330"]
[PlyCount "92"]
[EventDate "2014.07.04"]
[EventType "swiss"]
[EventRounds "9"]
[EventCountry "ESP"]
[Source "lmi"]
[SourceDate "2014.07.04"]

1. Nf3 c5 2. g3 Nc6 3. c4 g6 4. Bg2 Bg7 5. O-O e6 6. Nc3 Nge7 7. a3 d5 8. d3
O-O 9. Bd2 b6 10. Rc1 Bb7 11. cxd5 exd5 12. Na4 Qd7 13. b4 cxb4 14. axb4 Nf5
15. Bh3 Nce7 16. Qb3 d4 17. b5 Rfc8 18. Nb2 Nd5 19. Nc4 Nc3 20. Bxc3 Bxf3 21.
Bb4 Bd5 22. Qb2 Bh6 23. Bxf5 Qxf5 24. Qxd4 Bxc1 25. e4 Rxc4 26. dxc4 Bxe4 27.
Bc3 f6 28. Rxc1 Qf3 29. Kf1 Qh1+ 30. Ke2 Qxc1 31. Qxe4 Rf8 32. Qe6+ Rf7 33. Bd2
Qb2 34. f4 Kg7 35. g4 Qd4 36. g5 fxg5 37. Be3 Qf6 38. Qd5 Qb2+ 39. Kd3 Qb1+ 40.
Kc3 Qf5 41. Bd4+ Kh6 42. fxg5+ Kxg5 43. Qg2+ Kh5 44. Kb4 g5 45. Qe2+ Kg6 46.
Ka4 Rc7 0-1

[Event "37. Open Barberá del Vallés 2014"]
[Site "Barberá del Vallés ESP"]
[Date "2014.07.09"]
[Round "6.13"]
[White "Aloma Vidal, Robert"]
[Black "Garriga Cazorla, Pere"]
[Result "0-1"]
[WhiteElo "2406"]
[BlackElo "2222"]
[PlyCount "80"]
[EventDate "2014.07.04"]
[EventType "swiss"]
[EventRounds "9"]
[EventCountry "ESP"]
[Source "lmi"]
[SourceDate "2014.07.04"]

1. d4 Nf6 2. Nf3 e6 3. e3 b6 4. Bd3 Bb7 5. O-O Be7 6. c4 O-O 7. Nc3 d5 8. b3 c5
9. Bb2 Nc6 10. Qe2 Rc8 11. Rac1 cxd4 12. exd4 dxc4 13. bxc4 Nb4 14. Bb1 Bxf3
15. gxf3 Qc7 16. Ne4 Qf4 17. Kh1 Rfd8 18. Rg1 g6 19. Qe3 Nh5 20. Ng3 Bd6 21.
Rg2 Nf6 22. a3 Na6 23. Qe2 Nb8 24. Rd1 Nbd7 25. Ne4 Be7 26. d5 Nxe4 27. Bxe4
Nc5 28. Bc2 Bd6 29. Rd4 Qe5 30. Qd2 exd5 31. Bc3 Qe7 32. Rxd5 Ne6 33. Rg4 Bb8
34. Qe3 Rxd5 35. cxd5 Qc7 36. Rh4 Nf4 37. Bd2 Qxc2 38. Rxf4 Bxf4 39. Qxf4 Qd3
40. d6 Qf1# 0-1

[Event "37. Open Barberá del Vallés 2014"]
[Site "Barberá del Vallés ESP"]
[Date "2014.07.09"]
[Round "6.14"]
[White "Herrera Reyes, Jose Antonio"]
[Black "Sanchez Enriquez, Oscar Gerard"]
[Result "0-1"]
[WhiteElo "2239"]
[BlackElo "2401"]
[PlyCount "88"]
[EventDate "2014.07.04"]
[EventType "swiss"]
[EventRounds "9"]
[EventCountry "ESP"]
[Source "lmi"]
[SourceDate "2014.07.04"]

1. g3 c5 2. Bg2 g6 3. Nf3 Bg7 4. O-O Nc6 5. d3 d6 6. c3 e5 7. e4 Nge7 8. h4 h6
9. a3 O-O 10. b4 a6 11. Be3 b6 12. Qc1 Kh7 13. Rd1 Bg4 14. Nbd2 Rc8 15. Nf1
cxb4 16. axb4 d5 17. Qb2 d4 18. Bd2 a5 19. N1h2 Be6 20. bxa5 bxa5 21. cxd4 exd4
22. Qa3 Ra8 23. Qc5 a4 24. h5 Qd7 25. Nh4 Rfc8 26. f4 Bb3 27. Rf1 Ne5 28. Qa3
Nxd3 29. hxg6+ Nxg6 30. e5 Bf8 31. Qxb3 axb3 32. Rxa8 Rxa8 33. Bxa8 Nxh4 34.
Be4+ Kh8 35. gxh4 Qb5 36. Nf3 b2 37. Rb1 Qc4 38. Kg2 Ba3 39. Ba5 Nc5 40. Bf5
Qe2+ 41. Kg3 Ne4+ 42. Bxe4 Qxe4 43. Nd2 Qd3+ 44. Kh2 Qb5 0-1

[Event "37. Open Barberá del Vallés 2014"]
[Site "Barberá del Vallés ESP"]
[Date "2014.07.09"]
[Round "6.15"]
[White "Ramirez Garcia, Jorge Alberto"]
[Black "Das, Sayantan"]
[Result "0-1"]
[WhiteElo "2260"]
[BlackElo "2381"]
[PlyCount "140"]
[EventDate "2014.07.04"]
[EventType "swiss"]
[EventRounds "9"]
[EventCountry "ESP"]
[Source "lmi"]
[SourceDate "2014.07.04"]

1. e4 e6 2. d4 d5 3. Nc3 Bb4 4. exd5 exd5 5. Bd3 Nc6 6. Nge2 Nge7 7. O-O Bg4 8.
f3 Bf5 9. Ng3 Bxd3 10. Qxd3 O-O 11. Nce2 Qd7 12. c3 Bd6 13. Bf4 a5 14. Rfe1 f5
15. Rad1 a4 16. Qc2 Rf7 17. Rd2 Na5 18. Bxd6 Qxd6 19. Nc1 f4 20. Nf1 Qd7 21.
Nd3 Nc4 22. Rde2 Nf5 23. Nxf4 Nxd4 24. cxd4 Rxf4 25. Re7 Qc6 26. b3 Na5 27.
Qxc6 Nxc6 28. Rxc7 Rf7 29. Rxf7 Kxf7 30. Ne3 axb3 31. axb3 Nxd4 32. Nxd5 Rd8
33. Re7+ Kf8 34. Re5 Nxb3 35. Nc7 Nd4 36. Re4 Kf7 37. Kf2 b5 38. Na6 Ne6 39.
Rb4 Ra8 40. Rxb5 Rxa6 41. Rb7+ Kg6 42. Rb5 Ra2+ 43. Kf1 h6 44. Rb6 Rc2 45. Ra6
Kf7 46. Ra1 Kg8 47. Ra8+ Kh7 48. Ra4 Rd2 49. Rc4 Rd4 50. Rc2 Nf4 51. Ra2 Rb4
52. Rd2 Rb1+ 53. Kf2 Rb2 54. Rxb2 Nd3+ 55. Ke3 Nxb2 56. Kd4 Kg6 57. Kc3 Na4+
58. Kb4 Nb6 59. Kc5 Nc8 60. Kd4 Kf5 61. Ke3 Ne7 62. Ke2 Nd5 63. Kf2 Ke5 64. Kf1
Kd4 65. Ke2 Nf4+ 66. Kf2 Kd3 67. Kg3 Ke3 68. h3 g6 69. Kh2 Kf2 70. g3 Ne2 0-1

[Event "37. Open Barberá del Vallés 2014"]
[Site "Barberá del Vallés ESP"]
[Date "2014.07.09"]
[Round "6.16"]
[White "Canal Oliveras, Joan"]
[Black "Ruiz C, Joshua D"]
[Result "0-1"]
[WhiteElo "2250"]
[BlackElo "2374"]
[PlyCount "74"]
[EventDate "2014.07.04"]
[EventType "swiss"]
[EventRounds "9"]
[EventCountry "ESP"]
[Source "lmi"]
[SourceDate "2014.07.04"]

1. e4 c5 2. d4 cxd4 3. c3 dxc3 4. Nxc3 d6 5. Bc4 e6 6. Nf3 Nc6 7. O-O Be7 8.
Qe2 Nf6 9. Rd1 e5 10. Be3 O-O 11. a3 Bg4 12. h3 Be6 13. b4 Qc8 14. Rac1 Nd4 15.
Nxd4 Bxc4 16. Nf5 Bxe2 17. Nxe7+ Kh8 18. Nxc8 Bxd1 19. Nxd6 Bb3 20. Nxb7 Rfc8
21. Nc5 Be6 22. f3 Nd7 23. N3a4 Nb6 24. Nxb6 axb6 25. Nxe6 Rxc1+ 26. Bxc1 fxe6
27. b5 Ra5 28. a4 Rxa4 29. Be3 Rb4 30. Bxb6 Rxb5 31. Bf2 Kg8 32. Kh2 Kf7 33.
Bg3 Ke7 34. Kg1 Kd6 35. Bh2 Kc6 36. Bg3 Kb6 37. Be1 Kc5 0-1

[Event "37. Open Barberá del Vallés 2014"]
[Site "Barberá del Vallés ESP"]
[Date "2014.07.09"]
[Round "6.17"]
[White "Dalo, Hermes"]
[Black "Bergez, Luc"]
[Result "0-1"]
[WhiteElo "2226"]
[BlackElo "2368"]
[PlyCount "140"]
[EventDate "2014.07.04"]
[EventType "swiss"]
[EventRounds "9"]
[EventCountry "ESP"]
[Source "lmi"]
[SourceDate "2014.07.04"]

1. d4 d5 2. c4 e6 3. Nc3 Nf6 4. cxd5 exd5 5. Bg5 Be7 6. e3 O-O 7. Bd3 Nbd7 8.
Qc2 Re8 9. Nf3 c6 10. h3 a5 11. O-O Nf8 12. Bf4 Ne6 13. Bh2 g6 14. Ne5 Ng7 15.
Rab1 Bf5 16. a3 Bxd3 17. Qxd3 Nf5 18. Rfc1 Nd6 19. f3 Nd7 20. Nxd7 Qxd7 21. e4
Bg5 22. Rf1 Nc4 23. f4 Bh6 24. e5 f5 25. Nd1 a4 26. Ne3 Nxe3 27. Qxe3 Ra5 28.
Rfc1 Bf8 29. Bg3 Rb5 30. Bf2 Kf7 31. Rc3 Ra8 32. Re1 Ke6 33. Qc1 Ra6 34. Re2
Qd8 35. Kh2 Be7 36. Rec2 Qa8 37. Qe1 Rab6 38. Bh4 Bf8 39. Qf2 Bg7 40. Bf6 Qf8
41. Bxg7 Qxg7 42. Qh4 Qe7 43. Qf2 Qd8 44. Qe2 Qh4 45. Qd2 Ra6 46. g3 Qe7 47.
Qf2 Ra8 48. Qe2 Ra6 49. Qf2 Rab6 50. Qd2 h6 51. Qe2 Qd8 52. Kg2 Rb3 53. Qd2
R6b5 54. Rxb3 Rxb3 55. Rc3 Rb5 56. Kh2 Qb6 57. Rc2 Rb3 58. Qf2 Qb5 59. Rd2 Qc4
60. g4 Rd3 61. gxf5+ Kxf5 62. Re2 Rxd4 63. e6 Re4 64. Rc2 Qd3 65. Qg2 Rxe6 66.
Qg4+ Kf6 67. Rg2 Qf5 68. Qh4+ Kg7 69. Rf2 Re3 70. Rg2 d4 0-1

[Event "37. Open Barberá del Vallés 2014"]
[Site "Barberá del Vallés ESP"]
[Date "2014.07.09"]
[Round "6.18"]
[White "Akshat, Khamparia"]
[Black "Martinez Alcantara, Jose Eduar"]
[Result "1-0"]
[WhiteElo "2367"]
[BlackElo "2295"]
[PlyCount "51"]
[EventDate "2014.07.04"]
[EventType "swiss"]
[EventRounds "9"]
[EventCountry "ESP"]
[Source "lmi"]
[SourceDate "2014.07.04"]

1. d4 Nf6 2. Bg5 Ne4 3. Bf4 d5 4. e3 c5 5. Bd3 Nf6 6. Nf3 Bg4 7. O-O Nbd7 8. h3
Bh5 9. c4 e6 10. Nc3 cxd4 11. exd4 dxc4 12. Bxc4 Rc8 13. Be2 Qa5 14. Qb3 Bb4
15. Nb5 Nd5 16. Nd6+ Bxd6 17. Bxd6 Rc6 18. Ba3 Qb6 19. Bb5 Bxf3 20. Bxc6 bxc6
21. Qxf3 Qxd4 22. Rac1 Ne5 23. Qb3 Nf4 24. Qb8+ Kd7 25. Qb7+ Kd8 26. Rcd1 1-0

[Event "37. Open Barberá del Vallés 2014"]
[Site "Barberá del Vallés ESP"]
[Date "2014.07.09"]
[Round "6.19"]
[White "Raghunandan, Kaumandur Srihari"]
[Black "Sardana, Rishi"]
[Result "0-1"]
[WhiteElo "2148"]
[BlackElo "2363"]
[PlyCount "56"]
[EventDate "2014.07.04"]
[EventType "swiss"]
[EventRounds "9"]
[EventCountry "ESP"]
[Source "lmi"]
[SourceDate "2014.07.04"]

1. d4 d5 2. c4 c6 3. Nc3 Nf6 4. e3 a6 5. Nf3 Bf5 6. Qb3 b5 7. cxb5 axb5 8. Ne5
e6 9. f3 Nfd7 10. Nxd7 Nxd7 11. e4 dxe4 12. fxe4 Bg6 13. Qc2 Nf6 14. Bg5 Qxd4
15. Rd1 Qc5 16. Qd2 Be7 17. Be3 Qb4 18. a3 Qa5 19. e5 Rd8 20. exf6 Rxd2 21.
Bxd2 gxf6 22. Nd5 Qa4 23. Nxe7 Bh5 24. Rc1 Qh4+ 25. g3 Qe4+ 26. Kf2 Kxe7 27.
Bb4+ Kd7 28. Bg2 Qe2+ 0-1

[Event "37. Open Barberá del Vallés 2014"]
[Site "Barberá del Vallés ESP"]
[Date "2014.07.09"]
[Round "6.20"]
[White "Rojano Alfonso, Carlos"]
[Black "Leroy, Didier"]
[Result "1-0"]
[WhiteElo "2213"]
[BlackElo "2319"]
[PlyCount "91"]
[EventDate "2014.07.04"]
[EventType "swiss"]
[EventRounds "9"]
[EventCountry "ESP"]
[Source "lmi"]
[SourceDate "2014.07.04"]

1. d4 Nf6 2. c4 g6 3. f3 d5 4. cxd5 Nxd5 5. e4 Nb6 6. Nc3 Bg7 7. Be3 O-O 8. Qd2
Nc6 9. O-O-O e5 10. d5 Nd4 11. f4 Bg4 12. Re1 c5 13. h3 Bd7 14. Nf3 f6 15. h4
Bg4 16. Nh2 Qd7 17. Nxg4 Qxg4 18. g3 Qxg3 19. Be2 exf4 20. Bxf4 Nxe2+ 21. Nxe2
Qf3 22. Qe3 Qxe3+ 23. Bxe3 f5 24. Kb1 Rac8 25. Nf4 fxe4 26. Ne6 Rf3 27. Bxc5
Nxd5 28. Rxe4 b6 29. Bd4 Bxd4 30. Rxd4 Nf6 31. Rhd1 Rh3 32. Rf1 Rh2 33. Rdf4
Nd7 34. Rf7 Rd2 35. h5 Re8 36. h6 Rd6 37. Ng5 Ne5 38. Rg7+ Kh8 39. Rxh7+ Kg8
40. Rg7+ Kh8 41. Re7 Rdd8 42. Rxe5 Rxe5 43. Nf7+ Kh7 44. Nxe5 Rd5 45. Ng4 Rf5
46. Re1 1-0

[Event "37. Open Barberá del Vallés 2014"]
[Site "Barberá del Vallés ESP"]
[Date "2014.07.09"]
[Round "6.21"]
[White "Balague Camps, Marc"]
[Black "Vehi Bach, Victor Manuel"]
[Result "0-1"]
[WhiteElo "2082"]
[BlackElo "2313"]
[PlyCount "64"]
[EventDate "2014.07.04"]
[EventType "swiss"]
[EventRounds "9"]
[EventCountry "ESP"]
[Source "lmi"]
[SourceDate "2014.07.04"]

1. Nf3 e6 2. c4 d5 3. e3 g6 4. Nc3 Bg7 5. Be2 Ne7 6. d4 O-O 7. O-O b6 8. Qc2
Bb7 9. b3 Nd7 10. Ba3 Re8 11. Rac1 a6 12. Rfd1 Qb8 13. e4 c6 14. cxd5 exd5 15.
exd5 cxd5 16. Na4 Bh6 17. Rb1 Nf5 18. g4 Nd6 19. Ne5 Nxe5 20. dxe5 Ne4 21. Bb2
Qd8 22. Bf1 Bf4 23. Bg2 Qh4 24. h3 Rac8 25. Qe2 b5 26. Nb6 Rcd8 27. Rd3 Qg5 28.
Nxd5 Bxd5 29. Bxe4 Bxe5 30. Bxd5 Bh2+ 31. Kxh2 Rxe2 32. Bxf7+ Kxf7 0-1

[Event "37. Open Barberá del Vallés 2014"]
[Site "Barberá del Vallés ESP"]
[Date "2014.07.09"]
[Round "6.22"]
[White "Jareno Badenas, Aleix"]
[Black "Perez Manas, Benjamin"]
[Result "0-1"]
[WhiteElo "2064"]
[BlackElo "2290"]
[PlyCount "100"]
[EventDate "2014.07.04"]
[EventType "swiss"]
[EventRounds "9"]
[EventCountry "ESP"]
[Source "lmi"]
[SourceDate "2014.07.04"]

1. e4 c6 2. d4 d5 3. e5 Bf5 4. h4 Qb6 5. g4 Bd7 6. h5 e6 7. f4 c5 8. c3 Nc6 9.
Nf3 Rc8 10. Rh2 cxd4 11. cxd4 Bb4+ 12. Nc3 Nxd4 13. Qxd4 Qxd4 14. Nxd4 Rxc3 15.
Bd2 Re3+ 16. Ne2 Re4 17. a3 Bxd2+ 18. Kxd2 Rc4 19. b3 Rc7 20. Nd4 Ne7 21. Nb5
Bxb5 22. Bxb5+ Nc6 23. Rc1 Ke7 24. Ke3 Rhc8 25. Rhc2 a6 26. Bd3 h6 27. b4 Kd8
28. b5 Nb8 29. Rxc7 Rxc7 30. Rxc7 Kxc7 31. bxa6 Nxa6 32. f5 f6 33. exf6 gxf6
34. fxe6 Kd6 35. e7 Kxe7 36. Kf4 Nc5 37. Bb1 Ne6+ 38. Kf5 Kf7 39. Ba2 Nd4+ 40.
Kf4 Ke6 41. Bb1 Ne2+ 42. Ke3 Nc3 43. Bf5+ Ke5 44. Bc8 b6 45. Bd7 Nb1 46. a4 Nc3
47. Kd3 Ne4 48. Ke3 d4+ 49. Ke2 Nc5 50. Bb5 Kf4 0-1

[Event "37. Open Barberá del Vallés 2014"]
[Site "Barberá del Vallés ESP"]
[Date "2014.07.09"]
[Round "6.23"]
[White "Coimbra, Margarida"]
[Black "Larsen, Karsten"]
[Result "1/2-1/2"]
[WhiteElo "2071"]
[BlackElo "2265"]
[PlyCount "58"]
[EventDate "2014.07.04"]
[EventType "swiss"]
[EventRounds "9"]
[EventCountry "ESP"]
[Source "lmi"]
[SourceDate "2014.07.04"]

1. e4 c6 2. d4 g6 3. Nf3 Bg7 4. h3 d6 5. Nc3 Nf6 6. Be3 O-O 7. a4 a5 8. Qd2
Nbd7 9. Bd3 Re8 10. O-O e5 11. dxe5 dxe5 12. Bc4 Qe7 13. Ng5 Rf8 14. Rad1 h6
15. Nf3 Kh7 16. Rfe1 Re8 17. Qd6 Qxd6 18. Rxd6 Bf8 19. Rd3 Kg7 20. Red1 Bb4 21.
Nd2 Nc5 22. Bxc5 Bxc5 23. Nb3 Bb4 24. f3 Kf8 25. Ne2 Nh5 26. c3 Be7 27. Kh2 Ng7
28. g3 Ne6 29. Nec1 b6 1/2-1/2

[Event "37. Open Barberá del Vallés 2014"]
[Site "Barberá del Vallés ESP"]
[Date "2014.07.09"]
[Round "6.24"]
[White "Capellades Subirana, Marc"]
[Black "Pozanco Romasanta, Marc"]
[Result "1/2-1/2"]
[WhiteElo "2211"]
[BlackElo "2088"]
[PlyCount "132"]
[EventDate "2014.07.04"]
[EventType "swiss"]
[EventRounds "9"]
[EventCountry "ESP"]
[Source "lmi"]
[SourceDate "2014.07.04"]

1. e4 c6 2. d4 d5 3. e5 Bf5 4. h4 h5 5. Be2 e6 6. c3 c5 7. Be3 Nc6 8. Nd2 cxd4
9. Bxd4 Be7 10. Qb3 Qd7 11. Nh3 f6 12. Nf3 Be4 13. Nf4 Rc8 14. Nd2 fxe5 15.
Bxh5+ Rxh5 16. Nxh5 exd4 17. Nxg7+ Kf7 18. Nh5 Bd6 19. Qd1 Nh6 20. Nxe4 dxe4
21. Qe2 dxc3 22. Qxe4 Nf5 23. bxc3 Be5 24. Rc1 Rd8 25. O-O Rh8 26. Qf3 Qd8 27.
g3 Qg8 28. Rfd1 Qg6 29. Rd7+ Nce7 30. Nf4 Bxf4 31. Qxf4 Rxh4 32. Rxe7+ Kxe7 33.
Qc7+ Kf6 34. Qd8+ Kg7 35. Rd1 Rh7 36. Rd7+ Kh6 37. Qf8+ Kh5 38. Rxh7+ Qxh7 39.
Kg2 Kg6 40. g4 Ne7 41. Qf3 Qg7 42. Qxb7 Kf7 43. Qxa7 Qxg4+ 44. Kf1 Qh3+ 45. Kg1
Qxc3 46. Kg2 Kf6 47. Qa8 Qc6+ 48. Qxc6 Nxc6 49. Kf3 Kf5 50. Ke3 Ke5 51. Kf3 Kd4
52. Kf4 Kd3 53. a4 e5+ 54. Kf5 e4 55. Kf4 Na5 56. Kg3 Nc4 57. Kf4 Kd4 58. Kf5
Na5 59. Kf4 Nb7 60. Kf5 Kd3 61. Kf4 Na5 62. Kf5 Kd4 63. Kf4 Nc6 64. Kf5 Na5 65.
Kf4 Nc4 66. Kf5 Na5 1/2-1/2

[Event "37. Open Barberá del Vallés 2014"]
[Site "Barberá del Vallés ESP"]
[Date "2014.07.09"]
[Round "6.25"]
[White "Vigo Allepuz, David"]
[Black "Sos Andreu, Eric"]
[Result "0-1"]
[WhiteElo "2085"]
[BlackElo "2345"]
[PlyCount "50"]
[EventDate "2014.07.04"]
[EventType "swiss"]
[EventRounds "9"]
[EventCountry "ESP"]
[Source "lmi"]
[SourceDate "2014.07.04"]

1. d4 Nf6 2. Bg5 Ne4 3. Bf4 c5 4. f3 Qa5+ 5. c3 Nf6 6. e3 Nd5 7. Ne2 cxd4 8.
exd4 Nxf4 9. Nxf4 e6 10. Nd2 Qc7 11. Nd3 b6 12. f4 Bb7 13. Ne5 Nc6 14. Ndf3 f6
15. Nd3 Bd6 16. g3 O-O 17. Bg2 Ne7 18. O-O Nd5 19. Qd2 Rfc8 20. Nh4 f5 21. Ne5
Be7 22. c4 Nf6 23. d5 Ne4 24. Bxe4 fxe4 25. dxe6 Bc5+ 0-1

[Event "37. Open Barberá del Vallés 2014"]
[Site "Barberá del Vallés ESP"]
[Date "2014.07.09"]
[Round "6.26"]
[White "Garcia Ramos, Daniel"]
[Black "Andersen, Alf R"]
[Result "1-0"]
[WhiteElo "1975"]
[BlackElo "2214"]
[PlyCount "111"]
[EventDate "2014.07.04"]
[EventType "swiss"]
[EventRounds "9"]
[EventCountry "ESP"]
[Source "lmi"]
[SourceDate "2014.07.04"]

1. e4 d6 2. d4 Nf6 3. Nc3 g6 4. f3 c6 5. Be3 Nbd7 6. a4 Bg7 7. Qd2 O-O 8. Bc4
d5 9. Bb3 dxe4 10. fxe4 Ng4 11. O-O-O Nxe3 12. Qxe3 Nf6 13. h3 Qa5 14. Nf3 e6
15. g4 b5 16. Ne5 Bb7 17. Rhf1 c5 18. Nxb5 cxd4 19. Rxd4 Nxe4 20. Rxe4 Bxe4 21.
Nc4 Qb4 22. Qxe4 Rac8 23. Kb1 a6 24. Nbd6 Rc7 25. Ka2 h6 26. h4 Qc5 27. Qe3
Qxe3 28. Nxe3 Kh7 29. h5 gxh5 30. gxh5 Bd4 31. Nec4 f5 32. Nd2 Rd7 33. N6c4 Bg7
34. Nf3 f4 35. Nce5 Rd6 36. c3 Rb8 37. Bc2+ Kg8 38. Rg1 Kf8 39. Rg4 Bf6 40.
Rxf4 Kg7 41. Nc4 Rd5 42. Rg4+ Bg5 43. Nxg5 Rxg5 44. Ne5 Rxg4 45. Nxg4 Rf8 46.
b4 Rf4 47. Ne5 Kf6 48. Nd7+ Ke7 49. Nc5 a5 50. Kb3 axb4 51. cxb4 Rh4 52. Bg6
Kd6 53. a5 Kd5 54. a6 Rh3+ 55. Bd3 e5 56. a7 1-0

[Event "37. Open Barberá del Vallés 2014"]
[Site "Barberá del Vallés ESP"]
[Date "2014.07.09"]
[Round "6.27"]
[White "Messina, Roberta"]
[Black "Chalmeta Ugas, Jordi"]
[Result "1/2-1/2"]
[WhiteElo "2057"]
[BlackElo "2187"]
[PlyCount "115"]
[EventDate "2014.07.04"]
[EventType "swiss"]
[EventRounds "9"]
[EventCountry "ESP"]
[Source "lmi"]
[SourceDate "2014.07.04"]

1. Nf3 Nf6 2. g3 g6 3. b3 Bg7 4. Bb2 d5 5. d4 O-O 6. Bg2 c5 7. c4 dxc4 8. O-O
Qb6 9. dxc5 Qxc5 10. Qc1 Nc6 11. Nbd2 Be6 12. Nxc4 Rac8 13. Qe3 Qh5 14. Qg5
Qxg5 15. Nxg5 Bxc4 16. bxc4 Na5 17. Ba3 h6 18. Nh3 b6 19. Rac1 Nxc4 20. Bxe7
Rfe8 21. Bb7 Rb8 22. Bxf6 Bxf6 23. Bc6 Nd2 24. Bxe8 Nxf1 25. Bxf7+ Kxf7 26.
Rc7+ Ke6 27. Kxf1 a5 28. Nf4+ Kd6 29. Rf7 Bb2 30. Nxg6 Kc5 31. Rf3 a4 32. Nf4
Kc4 33. Nd3 Bh8 34. Rf4+ Kb5 35. Rh4 Bg7 36. Rb4+ Ka5 37. Rc4 Rb7 38. f4 b5 39.
Rc5 Rd7 40. Ne5 Rd1+ 41. Kf2 Ra1 42. Nc6+ Kb6 43. Rc2 a3 44. Ne5 Rb1 45. Nd3 b4
46. h4 b3 47. axb3 Bd4+ 48. e3 Bb2 49. Nb4 Kb5 50. Na2 Ra1 51. Nc3+ Kb4 52.
Nd5+ Kxb3 53. Rc8 Rc1 54. Rb8+ Kc4 55. Nb6+ Kb3 56. Nd5+ Kc4 57. Nb6+ Kb3 58.
Nd5+ 1/2-1/2

[Event "37. Open Barberá del Vallés 2014"]
[Site "Barberá del Vallés ESP"]
[Date "2014.07.09"]
[Round "6.28"]
[White "Hagesather, Ellen"]
[Black "Garcia Acosta, Roger"]
[Result "1-0"]
[WhiteElo "2182"]
[BlackElo "2054"]
[PlyCount "97"]
[EventDate "2014.07.04"]
[EventType "swiss"]
[EventRounds "9"]
[EventCountry "ESP"]
[Source "lmi"]
[SourceDate "2014.07.04"]

1. e4 e5 2. Nf3 Nc6 3. Bb5 a6 4. Ba4 Nf6 5. O-O Be7 6. Re1 b5 7. Bb3 d6 8. c3
O-O 9. h3 Na5 10. Bc2 c5 11. d4 Qc7 12. d5 c4 13. Nbd2 Nb7 14. Nf1 a5 15. g4
Nc5 16. Ng3 g6 17. Bh6 Re8 18. Qd2 Rb8 19. b4 cxb3 20. axb3 b4 21. c4 a4 22.
bxa4 Ba6 23. Qe3 b3 24. Bb1 Bxc4 25. Nd2 Rb4 26. Nf5 b2 27. Ra3 Nxa4 28. Nxe7+
Qxe7 29. Bg5 Kg7 30. Nxc4 Rxc4 31. Qb3 Qc7 32. Rxa4 Rc1 33. Qe3 Rc8 34. Bh6+
Kg8 35. Ra3 Qc5 36. Rd3 Qa5 37. Rdd1 R1c3 38. Qg5 Rf3 39. Kg2 Rcc3 40. Re3 Rf4
41. Qh4 Rc1 42. Rb3 Qc7 43. Rg1 Nh5 44. Rxb2 f6 45. Rxc1 Qxc1 46. Rb8+ Kf7 47.
Bxf4 Nxf4+ 48. Kh2 h5 49. Rb7+ 1-0

[Event "37. Open Barberá del Vallés 2014"]
[Site "Barberá del Vallés ESP"]
[Date "2014.07.09"]
[Round "6.29"]
[White "Colom Andres, Xavier"]
[Black "Anguera Maestro, Jaime"]
[Result "1/2-1/2"]
[WhiteElo "1905"]
[BlackElo "2179"]
[PlyCount "60"]
[EventDate "2014.07.04"]
[EventType "swiss"]
[EventRounds "9"]
[EventCountry "ESP"]
[Source "lmi"]
[SourceDate "2014.07.04"]

1. Nf3 d5 2. c4 d4 3. e3 c5 4. b4 g6 5. Bb2 Bg7 6. exd4 cxd4 7. d3 Nh6 8. g3
O-O 9. Bg2 e5 10. O-O Bf5 11. Re1 f6 12. Qb3 Qd7 13. Nbd2 Kh8 14. Ne4 Bxe4 15.
Rxe4 Nf7 16. Re2 Nc6 17. a4 Rfe8 18. a5 a6 19. Bc1 f5 20. Ng5 Nxg5 21. Bxg5 Nd8
22. Bxd8 Raxd8 23. Rae1 Re7 24. Bd5 Rde8 25. Kg2 h5 26. Kg1 Kh7 27. Kg2 Kh8 28.
Kg1 Kh7 29. Kg2 Kh8 30. Kg1 Kh7 1/2-1/2

[Event "37. Open Barberá del Vallés 2014"]
[Site "Barberá del Vallés ESP"]
[Date "2014.07.09"]
[Round "6.30"]
[White "Iagar, Razvan-Gabriel"]
[Black "Martinez Pla, Xavier"]
[Result "1-0"]
[WhiteElo "2168"]
[BlackElo "1881"]
[PlyCount "71"]
[EventDate "2014.07.04"]
[EventType "swiss"]
[EventRounds "9"]
[EventCountry "ESP"]
[Source "lmi"]
[SourceDate "2014.07.04"]

1. d4 Nf6 2. c4 e6 3. Nf3 b6 4. g3 Bb7 5. Bg2 Be7 6. O-O O-O 7. Nc3 Ne4 8. Qc2
Nxc3 9. Qxc3 f5 10. Rd1 Bf6 11. Qc2 Be4 12. Qa4 Qe7 13. Ne1 Bxg2 14. Nxg2 d6
15. Qc2 Nd7 16. e4 c5 17. dxc5 Nxc5 18. exf5 exf5 19. Qxf5 Qe2 20. Qd5+ Kh8 21.
Rd2 Qg4 22. Ne3 Qg6 23. Qf5 Qe8 24. Qc2 Qh5 25. Rd5 Qh3 26. Qf5 Qxf5 27. Nxf5
Be5 28. Nxd6 Bxd6 29. Rxd6 Ne4 30. Rd4 Nxf2 31. Be3 Nh3+ 32. Kg2 Rae8 33. Rd3
Ng5 34. Bxg5 Re2+ 35. Kg1 h6 36. Rd8 1-0

[Event "37. Open Barberá del Vallés 2014"]
[Site "Barberá del Vallés ESP"]
[Date "2014.07.09"]
[Round "6.31"]
[White "Fabre Massana, Miquel"]
[Black "Tadevosyan, Galust"]
[Result "0-1"]
[WhiteElo "2116"]
[BlackElo "1843"]
[PlyCount "98"]
[EventDate "2014.07.04"]
[EventType "swiss"]
[EventRounds "9"]
[EventCountry "ESP"]
[Source "lmi"]
[SourceDate "2014.07.04"]

1. d4 Nf6 2. Nf3 g6 3. c4 Bg7 4. Nc3 O-O 5. e4 d6 6. Be2 e5 7. dxe5 dxe5 8.
Qxd8 Rxd8 9. Bg5 Re8 10. O-O-O c6 11. Nxe5 Nxe4 12. Nxe4 Bxe5 13. Nd6 Bxb2+ 14.
Kb1 Rxe2 15. Nxc8 Na6 16. Rd8+ Kg7 17. Rhd1 Nc5 18. Be7 Ne4 19. Bf8+ Kf6 20.
Be7+ Ke6 21. Bb4 Be5 22. Re8+ Kf6 23. Be7+ Kf5 24. Rd3 Rxc8 25. Rxc8 Nc3+ 26.
Rxc3 Bxc3 27. Bc5 Rb2+ 28. Kc1 Rxa2 29. Rc7 b6 30. Be3 Ke6 31. c5 Be5 32. Rc8
b5 33. f4 Kd7 34. Rf8 Bc3 35. Rxf7+ Ke6 36. Rxh7 Re2 37. Rh3 b4 38. Kb1 Rb2+
39. Kc1 Rxg2 40. Rg3 Rxg3 41. hxg3 Kd5 42. Kc2 Bd4 43. Bc1 a5 44. Kb3 Kxc5 45.
g4 Kb5 46. f5 a4+ 47. Ka2 gxf5 48. gxf5 a3 49. Bg5 Ka4 0-1

[Event "37. Open Barberá del Vallés 2014"]
[Site "Barberá del Vallés ESP"]
[Date "2014.07.09"]
[Round "6.32"]
[White "Del Amo Carbo, Jordi"]
[Black "Orteu Capdevila, Max"]
[Result "1-0"]
[WhiteElo "2112"]
[BlackElo "1808"]
[PlyCount "59"]
[EventDate "2014.07.04"]
[EventType "swiss"]
[EventRounds "9"]
[EventCountry "ESP"]
[Source "lmi"]
[SourceDate "2014.07.04"]

1. d4 Nf6 2. c4 e6 3. Nc3 c5 4. d5 exd5 5. cxd5 d6 6. e4 g6 7. f4 Bg7 8. Bb5+
Nfd7 9. a4 O-O 10. Nf3 Na6 11. O-O Nc7 12. Bd3 a6 13. Kh1 Rb8 14. Re1 Re8 15.
e5 dxe5 16. d6 Ne6 17. fxe5 Nd4 18. Bg5 f6 19. Bc4+ Kh8 20. exf6 Rxe1+ 21. Qxe1
Bxf6 22. Bxf6+ Nxf6 23. Ng5 Kg7 24. Qe5 b6 25. Rf1 Nc6 26. Ne6+ Bxe6 27. Qxe6
Rb7 28. d7 Na5 29. Rxf6 Rxd7 30. Bxa6 1-0